<?xml version="1.0" encoding="UTF-8"?>
<collection xmlns="http://www.loc.gov/MARC21/slim">
<record>
  <controlfield tag="001">124043</controlfield>
  <controlfield tag="005">20240731103319.0</controlfield>
  <datafield tag="024" ind1="7" ind2=" ">
    <subfield code="2">doi</subfield>
    <subfield code="a">10.3390/ijerph20010328</subfield>
  </datafield>
  <datafield tag="024" ind1="8" ind2=" ">
    <subfield code="2">sideral</subfield>
    <subfield code="a">132664</subfield>
  </datafield>
  <datafield tag="037" ind1=" " ind2=" ">
    <subfield code="a">ART-2023-132664</subfield>
  </datafield>
  <datafield tag="041" ind1=" " ind2=" ">
    <subfield code="a">eng</subfield>
  </datafield>
  <datafield tag="100" ind1=" " ind2=" ">
    <subfield code="a">Lozano del Hoyo, María Luisa,</subfield>
    <subfield code="u">Universidad de Zaragoza</subfield>
    <subfield code="0">(orcid)0000-0003-2448-1630</subfield>
  </datafield>
  <datafield tag="245" ind1=" " ind2=" ">
    <subfield code="a">The TELE-DD randomised controlled trial on treatment adherence in patients with type 2 diabetes and comorbid depression: clinical outcomes after 18-month follow-up</subfield>
  </datafield>
  <datafield tag="260" ind1=" " ind2=" ">
    <subfield code="c">2023</subfield>
  </datafield>
  <datafield tag="506" ind1="0" ind2=" ">
    <subfield code="a">Access copy available to the general public</subfield>
    <subfield code="f">Unrestricted</subfield>
  </datafield>
  <datafield tag="520" ind1="3" ind2=" ">
    <subfield code="a">Clinical depression is associated with poorer adherence to hypoglycaemic medication in patients with diabetes mellitus, leading to poorer glycaemic control, diabetes management, and increased complications. The main aim of the TELE-DD trial was to demonstrate the efficacy of a proactive and psychoeducational telephonic intervention based on motivational interviewing and collaborative care to reduce nonadherence and improve prognosis in individuals with diabetes mellitus and concurrent depression. Design: The TELE-DD project is a three-phased prospective study including a nested randomised controlled trial. Methods: The baseline cohort included the entire population of adult patients diagnosed with type 2 diabetes and concurrent depression. A randomised controlled trial was conducted in a selection of patients from the baseline cohort, distributed into a control group (n = 192) and an intervention group (n = 192). Monthly telephonic interventions delivered by specifically trained research nurses were centred on a psychoeducational individualised monitoring protocol including motivational interviewing and collaborative care strategies. Clinical and patient-centred data were systematically collected during an 18-month follow-up including HbA1c, Patient Health Questionnaire, and the Diabetes Distress Scale. Results: During the trial, 18-month follow-up HbA1C levels significantly (p &amp;lt; 0.001) decreased in the intervention group at every follow-up from an average of 8.72 (SD:1.49) to 7.03 (SD:1.09), but slightly increased in the control group from 8.65 (SD:1.40) to 8.84 (SD:1.38). Similar positive results were obtained in depression severity and diabetes distress, LDL-cholesterol, and systolic and diastolic blood pressure, but only at the 18-month follow-up in body mass index reduction. Conclusions: This is the first trial to concurrently decrease biological and psychological outcomes with a monthly brief telephonic intervention, pointing out that a combined biopsychosocial intervention and collaborative care strategy is essential for current world health challenges. ClinicalTrials.gov Identifier: NCT04097483. Patient or Public Contribution: Diabetic patients not belonging to the TELE-DD population or trial sample were consulted during the study design to review and guarantee the clarity and understanding of the trial psychoeducational materials.</subfield>
  </datafield>
  <datafield tag="536" ind1=" " ind2=" ">
    <subfield code="9">info:eu-repo/grantAgreement/ES/DGA/B43-20R Grupo Agua y salud</subfield>
    <subfield code="9">info:eu-repo/grantAgreement/ES/ISCIII-MECD-IISZ/FI17-00180</subfield>
  </datafield>
  <datafield tag="540" ind1=" " ind2=" ">
    <subfield code="9">info:eu-repo/semantics/openAccess</subfield>
    <subfield code="a">by</subfield>
    <subfield code="u">http://creativecommons.org/licenses/by/3.0/es/</subfield>
  </datafield>
  <datafield tag="592" ind1=" " ind2=" ">
    <subfield code="a">0.808</subfield>
    <subfield code="b">2023</subfield>
  </datafield>
  <datafield tag="593" ind1=" " ind2=" ">
    <subfield code="a">Health, Toxicology and Mutagenesis</subfield>
    <subfield code="c">2023</subfield>
    <subfield code="d">Q2</subfield>
  </datafield>
  <datafield tag="593" ind1=" " ind2=" ">
    <subfield code="a">Public Health, Environmental and Occupational Health</subfield>
    <subfield code="c">2023</subfield>
    <subfield code="d">Q2</subfield>
  </datafield>
  <datafield tag="593" ind1=" " ind2=" ">
    <subfield code="a">Pollution</subfield>
    <subfield code="c">2023</subfield>
    <subfield code="d">Q2</subfield>
  </datafield>
  <datafield tag="594" ind1=" " ind2=" ">
    <subfield code="a">7.3</subfield>
    <subfield code="b">2023</subfield>
  </datafield>
  <datafield tag="655" ind1=" " ind2="4">
    <subfield code="a">info:eu-repo/semantics/article</subfield>
    <subfield code="v">info:eu-repo/semantics/publishedVersion</subfield>
  </datafield>
  <datafield tag="700" ind1=" " ind2=" ">
    <subfield code="a">Fernández Rodrigo, María Teresa</subfield>
    <subfield code="u">Universidad de Zaragoza</subfield>
    <subfield code="0">(orcid)0000-0002-6455-119X</subfield>
  </datafield>
  <datafield tag="700" ind1=" " ind2=" ">
    <subfield code="a">Urcola Pardo, Fernando</subfield>
    <subfield code="u">Universidad de Zaragoza</subfield>
    <subfield code="0">(orcid)0000-0001-7049-8295</subfield>
  </datafield>
  <datafield tag="700" ind1=" " ind2=" ">
    <subfield code="a">Monreal Bartolomé, Alicia</subfield>
    <subfield code="u">Universidad de Zaragoza</subfield>
    <subfield code="0">(orcid)0000-0003-2088-2007</subfield>
  </datafield>
  <datafield tag="700" ind1=" " ind2=" ">
    <subfield code="a">Gracia Ruiz, Diana Cecilia</subfield>
  </datafield>
  <datafield tag="700" ind1=" " ind2=" ">
    <subfield code="a">Gómez Borao, Mercedes</subfield>
    <subfield code="u">Universidad de Zaragoza</subfield>
  </datafield>
  <datafield tag="700" ind1=" " ind2=" ">
    <subfield code="a">Alcázar Artigas, Ana Belén</subfield>
  </datafield>
  <datafield tag="700" ind1=" " ind2=" ">
    <subfield code="a">Martínez Casbas, José Pedro</subfield>
    <subfield code="u">Universidad de Zaragoza</subfield>
  </datafield>
  <datafield tag="700" ind1=" " ind2=" ">
    <subfield code="a">Aceituno Casas, Alexandra</subfield>
  </datafield>
  <datafield tag="700" ind1=" " ind2=" ">
    <subfield code="a">Andaluz Funcia, María Teresa</subfield>
  </datafield>
  <datafield tag="700" ind1=" " ind2=" ">
    <subfield code="a">Roy  Delgado, Juan Francisco</subfield>
    <subfield code="u">Universidad de Zaragoza</subfield>
    <subfield code="0">(orcid)0000-0003-4013-1315</subfield>
  </datafield>
  <datafield tag="710" ind1="2" ind2=" ">
    <subfield code="1">1006</subfield>
    <subfield code="2">255</subfield>
    <subfield code="a">Universidad de Zaragoza</subfield>
    <subfield code="b">Dpto. Fisiatría y Enfermería</subfield>
    <subfield code="c">Área Enfermería</subfield>
  </datafield>
  <datafield tag="710" ind1="2" ind2=" ">
    <subfield code="1">4009</subfield>
    <subfield code="2">735</subfield>
    <subfield code="a">Universidad de Zaragoza</subfield>
    <subfield code="b">Dpto. Psicología y Sociología</subfield>
    <subfield code="c">Área Psicolog.Evolut.Educac</subfield>
  </datafield>
  <datafield tag="773" ind1=" " ind2=" ">
    <subfield code="g">20, 1 (2023), 328 [18 pp]</subfield>
    <subfield code="p">Int. j. environ. res. public health</subfield>
    <subfield code="t">International journal of environmental research and public health</subfield>
    <subfield code="x">1661-7827</subfield>
  </datafield>
  <datafield tag="856" ind1="4" ind2=" ">
    <subfield code="s">1461003</subfield>
    <subfield code="u">http://zaguan.unizar.es/record/124043/files/texto_completo.pdf</subfield>
    <subfield code="y">Versión publicada</subfield>
  </datafield>
  <datafield tag="856" ind1="4" ind2=" ">
    <subfield code="s">2845757</subfield>
    <subfield code="u">http://zaguan.unizar.es/record/124043/files/texto_completo.jpg?subformat=icon</subfield>
    <subfield code="x">icon</subfield>
    <subfield code="y">Versión publicada</subfield>
  </datafield>
  <datafield tag="909" ind1="C" ind2="O">
    <subfield code="o">oai:zaguan.unizar.es:124043</subfield>
    <subfield code="p">articulos</subfield>
    <subfield code="p">driver</subfield>
  </datafield>
  <datafield tag="951" ind1=" " ind2=" ">
    <subfield code="a">2024-07-31-09:42:25</subfield>
  </datafield>
  <datafield tag="980" ind1=" " ind2=" ">
    <subfield code="a">ARTICLE</subfield>
  </datafield>
</record>
</collection>